<?xml version="1.0" encoding="UTF-8"?>
<record
    xmlns:xsi="http://www.w3.org/2001/XMLSchema-instance"
    xsi:schemaLocation="http://www.loc.gov/MARC21/slim http://www.loc.gov/standards/marcxml/schema/MARC21slim.xsd"
    xmlns="http://www.loc.gov/MARC21/slim">

  <leader>00304nam a22000977a 4500</leader>
  <controlfield tag="008">110914s1987    mx ||||| |||| 00| 0 spasd</controlfield>
  <datafield tag="100" ind1="1" ind2=" ">
    <subfield code="a">Schaum, Daniel</subfield>
    <subfield code="9">1581</subfield>
  </datafield>
  <datafield tag="245" ind1="0" ind2="0">
    <subfield code="a">F&#xED;sica general</subfield>
  </datafield>
  <datafield tag="260" ind1=" " ind2=" ">
    <subfield code="a">Mexico</subfield>
    <subfield code="b">McGraw-Hill</subfield>
    <subfield code="c">1987</subfield>
  </datafield>
  <datafield tag="999" ind1=" " ind2=" ">
    <subfield code="c">968</subfield>
    <subfield code="d">968</subfield>
  </datafield>
  <datafield tag="952" ind1=" " ind2=" ">
    <subfield code="0">0</subfield>
    <subfield code="1">0</subfield>
    <subfield code="2">ddc</subfield>
    <subfield code="4">0</subfield>
    <subfield code="7">0</subfield>
    <subfield code="9">2679</subfield>
    <subfield code="a">BFM</subfield>
    <subfield code="b">BFM</subfield>
    <subfield code="c">CR</subfield>
    <subfield code="d">2011-09-14</subfield>
    <subfield code="l">31</subfield>
    <subfield code="m">6</subfield>
    <subfield code="p">TR156</subfield>
    <subfield code="r">2024-03-18</subfield>
    <subfield code="s">2024-02-16</subfield>
    <subfield code="t">Copia</subfield>
    <subfield code="w">2011-09-14</subfield>
    <subfield code="y">BK</subfield>
    <subfield code="z">Fotocopia</subfield>
  </datafield>
</record>
